Cliquez sur le nom de chaque église de la Dervénie sur une carte - Statistiques

Statistiques générales
  • Ce quiz a été pris 3 fois
  • Le résultat moyen est 11 sur 36
Réponses sur la Carte
Les réponses sont colorées sur une échelle allant du rouge au vert en fonction du pourcentage des utilisateurs qui les ont devinées à leur premier essai. Vous pouvez retrouver ces pourcentages ci-dessous.
 
Statistiques - réponses
Réponse % Correct
Église de la Nativité-de-Notre-Dame de Janville
67%
Église Saint-Pierre d'Ouézy
67%
Chapelle Notre-Dame
33%
Église de la Nativité-de-Notre-Dame d'Émiéville
33%
Église de la Présentation-de-Notre-Dame
33%
Église de l'Assomption-de-Notre-Dame de Bellengreville
33%
Église de l'Assomption-de-Notre-Dame de Cléville
33%
Église Notre-Dame de Gouvix
33%
Église Notre-Dame de Magny-la-Campagne
33%
Église Notre-Dame d'Héritot
33%
Église Saint-Aignan
33%
Église Sainte-Anne
33%
Église Saint-Germain d'Airan
33%
Église Saint-Germain de Cauvicourt
33%
Église Saint-Germain de Vieux-Fumé
33%
Église Saint-Gervais-et-Saint-Protais
33%
Église Saint-Jean-Baptiste d'Argences
33%
Église Saint-Jean-Baptiste de Canteloup
33%
Église Saint-Maclou
33%
Église Saint-Martin de Béneauville
33%
Église Saint-Martin de Chicheboville
33%
Église Saint-Martin de Frénouville
33%
Église Saint-Martin de Méry-Corbon
33%
Église Saint-Paterne d'Ernes
33%
Église Saint-Paterne de Saint-Pair
33%
Église Saint-Pierre de Cesny-aux-Vignes
33%
Église Saint-Pierre de Fierville-Bray
33%
Église Saint-Pierre de Maizières
33%
Église Saint-Sylvain
33%
Église Saint-Symphorien
33%
Église Saint-Vaast
33%
Église Saint-Victor
33%
Église Saint-Aubin
0%
Église Saint-Gervais
0%
Église Saint-Marcouf
0%
Église Saint-Ouen
0%
Aucun quiz correspondant
Distribution des résultats
% des personnes avec chaque résultat
Percentile par nombre de réponses
Votre historique - résultats
Vous n’avez pas pris ce quiz